| 000 | 00883nam a2200193 i 4500 | ||
|---|---|---|---|
| 001 | 165781 | ||
| 003 | ES-MaACL | ||
| 005 | 20230906213214.0 | ||
| 008 | 931025s1875 fr a |||| | fre d | ||
| 100 | 1 |
_aStewart, Balfour. _9132907 |
|
| 245 | 1 | 3 |
_aLa conservation de l'energie / _cpar Balfour Stewart ; suivi d'une étude sur la nature de la force par P. de Saint-Robert. |
| 260 |
_aParis : _bGermer Baillière, _c1875 ( _fTyp. A. Moussin) |
||
| 300 |
_aII, 216 p. : _bil. ; _c22 cm. |
||
| 490 | 1 |
_aBibliotheque scientifique internationale ; _v10 |
|
| 700 | 1 |
_aSaint-Robert, Paul _c, Comte de ( _d1815-1888) _9132294 |
|
| 830 | 0 |
_aBibliotheque scientifique internationale ; _v10 _9186949 |
|
| 852 |
_aES-MaACL _jF-14340 _z-- Enc. editorial en tela _z-- Enc. con 32 p. del catálogo editorial de Noviembre de 1874 _x-- Edic.: El nº de la serie es el 10 |
||
| 999 |
_c165781 _d165781 |
||